[Event "Russian Championship Higher League"]
[Site "Kolomna RUS"]
[Date "2016.06.30"]
[Round "8"]
[White "Artyom Timofeev"]
[Black "Daniil Dubov"]
[Result "1-0"]
[EventDate "2016.06.22"]
[WhiteElo "2586"]
[BlackElo "2666"]
[PlyCount "69"]

1. e4 e5 2. Nf3 Nc6 3. Bb5 a6 4. Ba4 Nf6 5. O-O Be7 6. d3 b5 7. Bb3 d6 8. a3 Bg4 9. c3 Qd7 10. Re1 O-O 11. h3 Bh5 12. Nbd2 d5 13. Qe2 d4 14. Nf1 Rad8 15. Rd1 Bg6 16. Ng3 Nh5 17. Nxh5 Bxh5 18. g4 Bxg4 19. hxg4 Qxg4+ 20. Kf1 Qh3+ 21. Ke1 Kh8 22. Kd2 Na5 23. Kc2 Nxb3 24. Kxb3 c5 25. Kc2 Qe6 26. a4 Rd7 27. b3 dxc3 28. Ng5 Bxg5 29. Bxg5 f5 30. Be3 Rc8 31. axb5 axb5 32. Bxc5 b4 33. exf5 Qxf5 34. Qe4 Qh5 35. Rh1 1-0

[Event "Russian Championship Higher League"]
[Site "Kolomna RUS"]
[Date "2016.06.29"]
[Round "7"]
[White "Daniil Dubov"]
[Black "Alexandr Predke"]
[Result "1/2-1/2"]
[EventDate "2016.06.22"]
[WhiteElo "2666"]
[BlackElo "2550"]
[PlyCount "114"]

1. e4 e5 2. Nf3 Nc6 3. Bb5 a6 4. Ba4 Nf6 5. O-O Be7 6. Re1 b5 7. Bb3 d6 8. c3 O-O 9. h3 Na5 10. Bc2 c5 11. d4 Nd7 12. d5 Nb6 13. Nbd2 g6 14. b3 f5 15. Bb2 f4 16. c4 Qc7 17. a3 bxc4 18. b4 Nb7 19. Bc3 cxb4 20. axb4 Bd7 21. Ra3 Nd8 22. Qa1 Nf7 23. Bd1 Bb5 24. Be2 Qd7 25. Rc1 Rfc8 26. Rc2 Rc7 27. Rca2 Bf6 28. Nb1 Kg7 29. Be1 Rb8 30. Nc3 Qe7 31. Qd1 h5 32. Nd2 Nd7 33. Ndb1 Qe8 34. Nxb5 axb5 35. Nc3 Bd8 36. Ra8 Rcb7 37. Qa1 Nf6 38. Rxb8 Rxb8 39. Ra8 Bb6 40. Rxb8 Qxb8 41. Qa6 g5 42. Kf1 g4 43. h4 g3 44. Qxb5 Qa7 45. fxg3 Ng4 46. Bxg4 hxg4 47. Qxc4 f3 48. gxf3 gxf3 49. Qd3 f2 50. Bd2 Qa1+ 51. Qb1 Qa6+ 52. Kg2 Qc4 53. Qd1 Qd4 54. Qg4+ Kf8 55. Qc8+ Kg7 56. Qg4+ Kf8 57. Qc8+ Kg7 1/2-1/2

[Event "Russian Championship Higher League"]
[Site "Kolomna RUS"]
[Date "2016.06.28"]
[Round "6"]
[White "Ilia Iljiushenok"]
[Black "Daniil Dubov"]
[Result "0-1"]
[EventDate "2016.06.22"]
[WhiteElo "2495"]
[BlackElo "2666"]
[PlyCount "74"]

1. e4 c6 2. d4 d5 3. e5 Bf5 4. h4 h6 5. g4 Bd7 6. Be3 Qb6 7. Nd2 h5 8. gxh5 Nh6 9. Nb3 Bg4 10. f3 Bxh5 11. Bd3 Nd7 12. Qe2 a5 13. Nh3 a4 14. Nd2 e6 15. Nf4 Ng8 16. c4 a3 17. bxa3 Rxa3 18. Rb1 Qc7 19. O-O Ne7 20. Rfc1 Rxa2 21. Qd1 Ra3 22. Qc2 g6 23. Qb2 Ra7 24. Ra1 Rxa1 25. Rxa1 Qb8 26. c5 Bh6 27. Rb1 f6 28. Qxb7 Qxb7 29. Rxb7 fxe5 30. dxe5 Bxf4 31. Bxf4 Nxc5 32. Rb8+ Kd7 33. Rxh8 Nxd3 34. Bg5 Nf5 35. Ne4 c5 36. Nf6+ Kc6 37. Nxh5 gxh5 0-1

[Event "Russian Championship Higher League"]
[Site "Kolomna RUS"]
[Date "2016.06.27"]
[Round "5"]
[White "Daniil Dubov"]
[Black "Daniil Yuffa"]
[Result "1-0"]
[EventDate "2016.06.22"]
[WhiteElo "2666"]
[BlackElo "2502"]
[PlyCount "59"]

1. e4 Nf6 2. e5 Nd5 3. Nc3 c6 4. d4 d6 5. f4 Bf5 6. Bd3 Qd7 7. a3 Nxc3 8. bxc3 Bxd3 9. Qxd3 Qg4 10. Nh3 Qxg2 11. Rg1 Qd5 12. c4 Qa5+ 13. Bd2 Qc7 14. Ng5 e6 15. f5 h6 16. exd6 Qxd6 17. Ne4 Qxh2 18. O-O-O Nd7 19. fxe6 fxe6 20. Rh1 Qc7 21. Ng5 O-O-O 22. Nxe6 Qd6 23. Nxd8 Qxa3+ 24. Qxa3 Bxa3+ 25. Kb1 Rxd8 26. c5 b5 27. Ba5 Re8 28. Rhe1 Nf6 29. Rxe8+ Nxe8 30. Ka2 1-0

[Event "Russian Championship Higher League"]
[Site "Kolomna RUS"]
[Date "2016.06.25"]
[Round "4"]
[White "Alexandr Triapishko"]
[Black "Daniil Dubov"]
[Result "1/2-1/2"]
[EventDate "2016.06.22"]
[WhiteElo "2466"]
[BlackElo "2666"]
[PlyCount "98"]

1. e4 e5 2. Nf3 Nc6 3. Nc3 Nf6 4. Bb5 Bc5 5. O-O O-O 6. d3 d6 7. h3 Ne7 8. Bg5 Ng6 9. Bc4 h6 10. Be3 c6 11. Bb3 Bb6 12. Re1 Ba5 13. Nd2 Re8 14. d4 Bxc3 15. bxc3 Be6 16. Rb1 Qc7 17. Qf3 Kh7 18. a4 Rad8 19. d5 cxd5 20. exd5 Bc8 21. Bc4 Nh4 22. Qe2 Nf5 23. f3 Nxe3 24. Qxe3 b6 25. Bd3+ Kg8 26. c4 Nh5 27. Rb2 Nf4 28. Reb1 Qe7 29. Bf1 Qg5 30. Kh2 Nxh3 31. Qxg5 Nxg5 32. a5 bxa5 33. c5 dxc5 34. c4 Bf5 35. Ra1 Rb8 36. Rba2 Kf8 37. Kg1 e4 38. fxe4 Bxe4 39. Rxa5 Rb2 40. R1a2 Reb8 41. Rxb2 Rxb2 42. Nxe4 Nxe4 43. Bd3 Nf2 44. Bf1 Ne4 45. Bd3 f5 46. Bxe4 fxe4 47. Rxc5 e3 48. Kf1 Rf2+ 49. Ke1 Rxg2 1/2-1/2

[Event "Russian Championship Higher League"]
[Site "Kolomna RUS"]
[Date "2016.06.24"]
[Round "3"]
[White "Daniil Dubov"]
[Black "Maksim Vavulin"]
[Result "0-1"]
[EventDate "2016.06.22"]
[WhiteElo "2666"]
[BlackElo "2507"]
[PlyCount "108"]

1. d4 Nf6 2. c4 e6 3. Nc3 Bb4 4. Nf3 b6 5. e3 O-O 6. Bd3 d5 7. O-O Bb7 8. Bd2 Be7 9. cxd5 exd5 10. Qc2 Nbd7 11. Rfd1 a6 12. Ne5 Re8 13. Ne2 Bd6 14. Nc6 Qc8 15. Nf4 g6 16. Rac1 Nb8 17. Ne5 Nbd7 18. Bc3 Qd8 19. Qb3 Nf8 20. Bb4 c5 21. Bxc5 Bxc5 22. Nxf7 Kxf7 23. dxc5 Rc8 24. Bxa6 Bxa6 25. Nxd5 bxc5 26. Nb4+ c4 27. Qa4 Qb6 28. Nxa6 Re4 29. Nb4 Rc7 30. a3 Ne6 31. Qc2 Re5 32. Qc3 Rf5 33. Rc2 Qb7 34. f3 Nd5 35. Qh8 Nf6 36. e4 Rc8 37. Qxc8 Qxc8 38. exf5 gxf5 39. Rdc1 Qc5+ 40. Kh1 Qe5 41. Nc6 Qe3 42. Rc3 Qg5 43. Ne5+ Kg7 44. Rxc4 Nd5 45. R4c2 Nd4 46. Rc8 Qe3 47. f4 Qxf4 48. Nd3 Qe3 49. Nb4 Nf4 50. R8c3 Qe4 51. Rg3+ Ng6 52. Nd3 Ne2 53. Rc7+ Kf6 54. Rf3 Nh4 0-1

[Event "Russian Championship Higher League"]
[Site "Kolomna RUS"]
[Date "2016.06.23"]
[Round "2"]
[White "Maksim Chigaev"]
[Black "Daniil Dubov"]
[Result "1/2-1/2"]
[EventDate "2016.06.22"]
[WhiteElo "2542"]
[BlackElo "2666"]
[PlyCount "63"]

1. e4 g6 2. d4 Bg7 3. Nc3 d6 4. h3 a6 5. a4 b6 6. g4 Bb7 7. Bg2 e6 8. Nge2 Nd7 9. Be3 h5 10. Rg1 hxg4 11. hxg4 c5 12. Qd2 Ne7 13. f4 cxd4 14. Nxd4 e5 15. Nf3 Nf6 16. Bf1 exf4 17. Bxf4 d5 18. O-O-O Nxe4 19. Nxe4 dxe4 20. Qb4 Nd5 21. Qxe4+ Qe7 22. Qxe7+ Kxe7 23. Bg5+ f6 24. Bc4 Rhd8 25. Rge1+ Kf7 26. Bb3 b5 27. a5 fxg5 28. Nxg5+ Kf6 29. Nh7+ Kf7 30. Ng5+ Kf6 31. Nh7+ Kf7 32. Ng5+ 1/2-1/2

[Event "Russian Championship Higher League"]
[Site "Kolomna RUS"]
[Date "2016.06.22"]
[Round "1"]
[White "Daniil Dubov"]
[Black "Ivan Bocharov"]
[Result "1/2-1/2"]
[EventDate "2016.06.22"]
[WhiteElo "2666"]
[BlackElo "2517"]
[PlyCount "88"]

1. Nf3 d5 2. c4 c6 3. g3 Nf6 4. Bg2 Bf5 5. cxd5 cxd5 6. Qb3 Qb6 7. Qxb6 axb6 8. Nc3 Nc6 9. O-O h6 10. Nh4 Be4 11. d3 Bxg2 12. Kxg2 e6 13. Nf3 Be7 14. Bd2 Kd7 15. Rfc1 Ra6 16. a3 Rha8 17. Nb5 Ne8 18. b4 f6 19. Rab1 e5 20. Nc3 d4 21. b5 dxc3 22. Bxc3 Bxa3 23. Rc2 Nb4 24. Bxb4 Ra4 25. Bxa3 Rxa3 26. d4 e4 27. Nd2 Ra2 28. Rxa2 Rxa2 29. Nc4 Rxe2 30. Nxb6+ Ke6 31. d5+ Ke5 32. Rc1 Nd6 33. Rc7 g5 34. Re7+ Kd4 35. Re6 Kc5 36. Rxf6 e3 37. Nd7+ Kxd5 38. Nb6+ Kc5 39. Nd7+ Kd5 40. Nb6+ Kc5 41. Nd7+ Kxb5 42. Rxd6 Rxf2+ 43. Kg1 Rd2 44. Rb6+ Ka5 1/2-1/2

[Event "Russia - China"]
[Site "Moscow RUS"]
[Date "2016.06.15"]
[Round "5.5"]
[White "Daniil Dubov"]
[Black "Yu Yangyi"]
[Result "1/2-1/2"]
[EventDate "2016.06.11"]
[WhiteElo "2666"]
[BlackElo "2737"]
[PlyCount "91"]

1. d4 Nf6 2. c4 e6 3. g3 Bb4+ 4. Nd2 d5 5. Nf3 dxc4 6. Bg2 O-O 7. O-O b5 8. Ne1 c6 9. a4 Ba6 10. Nc2 Be7 11. axb5 Bxb5 12. Nb1 Nbd7 13. Bd2 a5 14. Qe1 a4 15. Bb4 Nd5 16. Bxe7 Qxe7 17. Nc3 N7f6 18. e4 Nb4 19. Nxb4 Qxb4 20. e5 Nd7 21. f4 a3 22. bxa3 Rxa3 23. Rxa3 Qxa3 24. f5 Rd8 25. f6 g6 26. Kh1 Nb6 27. d5 Nxd5 28. Bxd5 exd5 29. e6 Re8 30. e7 h6 31. Qd2 Kh7 32. Rf4 g5 33. Rf5 Rg8 34. Re5 Qa8 35. Qc2+ Kh8 36. Qd1 Kh7 37. Qb1+ Kh8 38. Qd1 Kh7 39. Qh5 Qe8 40. h4 gxh4 41. Qf5+ Kh8 42. gxh4 Ba6 43. Ne2 Bc8 44. Qh5 Kh7 45. Rg5 Rg6 46. Rxg6 1/2-1/2

[Event "Russia - China"]
[Site "Moscow RUS"]
[Date "2016.06.14"]
[Round "4.5"]
[White "Lu Shanglei"]
[Black "Daniil Dubov"]
[Result "1/2-1/2"]
[EventDate "2016.06.11"]
[WhiteElo "2614"]
[BlackElo "2666"]
[PlyCount "72"]

1. e4 e5 2. Nf3 Nc6 3. Bb5 a6 4. Ba4 Nf6 5. O-O Be7 6. Re1 b5 7. Bb3 O-O 8. d4 Nxd4 9. Nxd4 exd4 10. e5 Ne8 11. c3 dxc3 12. Nxc3 Bb7 13. Nd5 Bxd5 14. Qxd5 c6 15. Qe4 g6 16. Bh6 Ng7 17. Rad1 Qc7 18. g4 Rad8 19. f4 Rfe8 20. f5 d5 21. Qf4 f6 22. Kg2 fxe5 23. Qxe5 Qxe5 24. Rxe5 Bf8 25. Rxe8 Nxe8 26. Bg5 Rd7 27. Re1 Nd6 28. fxg6 hxg6 29. Re6 Kf7 30. Rf6+ Kg7 31. Bc2 c5 32. Rxg6+ Kf7 33. h4 d4 34. Rf6+ Kg8 35. Rg6+ Kf7 36. Rf6+ Kg8 1/2-1/2

[Event "Russia - China"]
[Site "Moscow RUS"]
[Date "2016.06.13"]
[Round "3.5"]
[White "Zhou Jianchao"]
[Black "Daniil Dubov"]
[Result "1-0"]
[EventDate "2016.06.11"]
[WhiteElo "2617"]
[BlackElo "2666"]
[PlyCount "103"]

1. d4 d5 2. c4 c6 3. Nf3 Nf6 4. Nc3 e6 5. e3 Nbd7 6. Be2 Bd6 7. O-O O-O 8. a4 Bb4 9. Na2 Bd6 10. Nc3 Bb4 11. Qc2 a5 12. b3 b6 13. cxd5 exd5 14. Na2 Bb7 15. Nxb4 axb4 16. Bb2 Qe7 17. Rac1 Rfc8 18. Qf5 Rc7 19. Nd2 Nf8 20. Rfe1 Ng6 21. Bf1 Bc8 22. Qc2 Be6 23. f3 c5 24. dxc5 Rxc5 25. Qd3 Rac8 26. Qd4 Rxc1 27. Bxc1 Qc5 28. Bb2 Qxd4 29. Bxd4 Nd7 30. Bb5 Rc2 31. Bxd7 Bxd7 32. Rd1 Rc6 33. Nf1 Nf8 34. Ng3 f6 35. Ne2 Ne6 36. Ba1 Rc2 37. Nd4 Nxd4 38. Bxd4 Rc6 39. Kf2 Kf7 40. g4 Ke6 41. h4 h5 42. gxh5 Be8 43. Rg1 Rc2+ 44. Kg3 Bxh5 45. Bxb6 Rb2 46. a5 Rxb3 47. a6 Be8 48. a7 Bc6 49. Bd4 Ra3 50. Kf4 b3 51. Rxg7 Ra4 52. Rg8 1-0

[Event "Russia - China"]
[Site "Moscow RUS"]
[Date "2016.06.12"]
[Round "2.5"]
[White "Daniil Dubov"]
[Black "Wang Yue"]
[Result "1/2-1/2"]
[EventDate "2016.06.11"]
[WhiteElo "2666"]
[BlackElo "2728"]
[PlyCount "81"]

1. c4 c6 2. Nf3 d5 3. g3 g6 4. Qa4 Nd7 5. cxd5 cxd5 6. Nc3 Nf6 7. Qb3 e6 8. d4 Bg7 9. Bg2 O-O 10. Bf4 Nb6 11. O-O Bd7 12. Rfc1 Bc6 13. Qd1 Qe7 14. b3 Nbd7 15. Rc2 Ne4 16. Rac1 Rad8 17. Qe1 Rfe8 18. Bc7 Rc8 19. Ba5 Nxc3 20. Bxc3 Bf8 21. Qd2 Bb5 22. Ne1 Nf6 23. f3 Qd7 24. a4 Ba6 25. Nd3 Bxd3 26. Qxd3 Rc6 27. Bd2 Rec8 28. Rxc6 Rxc6 29. Rxc6 Qxc6 30. Bf1 Nd7 31. Kg2 Nb8 32. e3 Na6 33. Qc3 Qxc3 34. Bxc3 Nb4 35. Kf2 f5 36. Ke2 Kf7 37. Bg2 Nc6 38. Kd3 Nb4+ 39. Bxb4 Bxb4 40. e4 b6 41. exd5 1/2-1/2

[Event "Russia - China"]
[Site "Moscow RUS"]
[Date "2016.06.11"]
[Round "1.5"]
[White "Daniil Dubov"]
[Black "Wen Yang"]
[Result "1/2-1/2"]
[EventDate "2016.06.11"]
[WhiteElo "2666"]
[BlackElo "2611"]
[PlyCount "72"]

1. c4 e5 2. Nc3 d6 3. g3 g6 4. Bg2 Bg7 5. e3 Nf6 6. Nge2 O-O 7. d4 Re8 8. h3 Nbd7 9. O-O c6 10. b3 exd4 11. exd4 Nf8 12. Be3 h5 13. Qd2 Bf5 14. Bh6 Ne4 15. Bxe4 Bxh6 16. Qxh6 Bxe4 17. Nxe4 Rxe4 18. Nc3 Re8 19. Rfe1 Qa5 20. Ne4 Re6 21. Qg5 f5 22. b4 Qc7 23. Nf6+ Kf7 24. Nxh5 Rxe1+ 25. Rxe1 gxh5 26. Qxh5+ Kg8 27. Qxf5 Qf7 28. Qg5+ Qg7 29. Qf4 Qg6 30. h4 Re8 31. Rxe8 Qxe8 32. Qxd6 Qe1+ 33. Kg2 Qe4+ 34. Kg1 Qe1+ 35. Kg2 Qe4+ 36. Kg1 Qe1+ 1/2-1/2

[Event "ICC Open"]
[Site "ICC INT"]
[Date "2016.06.05"]
[Round "1.1"]
[White "Daniil Dubov"]
[Black "Dmitry Andreikin"]
[Result "1-0"]
[EventDate "2016.06.05"]
[WhiteElo "2666"]
[BlackElo "2743"]
[PlyCount "131"]

1. Nf3 d5 2. c4 c6 3. g3 Nf6 4. Bg2 g6 5. b3 Bg7 6. Bb2 O-O 7. O-O Bg4 8. d3 Nbd7 9. Nbd2 a5 10. h3 Bxf3 11. Nxf3 a4 12. Qc2 e6 13. e4 Ne8 14. Bxg7 Nxg7 15. exd5 exd5 16. cxd5 cxd5 17. bxa4 Ne6 18. Rab1 b6 19. d4 Ra5 20. Rb5 Qa8 21. Qb3 Nf6 22. Rb4 Qa7 23. Ne5 Rc8 24. Re1 Qc7 25. Rd1 Qc3 26. Qxc3 Rxc3 27. Rxb6 Rxa4 28. Rb8+ Kg7 29. Rb7 Rc7 30. Rxc7 Nxc7 31. Rb1 Rxa2 32. Rb7 Rc2 33. Bf1 Nfe8 34. Rb6 Ne6 35. Bg2 N8c7 36. Rb4 h5 37. h4 Kf6 38. Nf3 Ne8 39. Ne5 N8c7 40. Nf3 Ne8 41. Rb6 Nc7 42. Ng5 Rd2 43. Nxe6 fxe6 44. Rc6 Ne8 45. Bxd5 Ng7 46. Bf3 Rxd4 47. Kg2 Nf5 48. Rc2 Rd6 49. Re2 Nd4 50. Rd2 e5 51. Be4 Rb6 52. Ra2 Ne6 53. Ra5 Rb4 54. Kf3 Nd4+ 55. Ke3 Ne6 56. Ra6 Rb3+ 57. Ke2 Kf7 58. Bd5 Rb2+ 59. Ke3 Kg7 60. Bxe6 Rb5 61. Bc4 Rc5 62. Bd3 e4 63. Bxe4 g5 64. Rg6+ Kh8 65. Rxg5 Rc3+ 66. Bd3 1-0

[Event "ICC Open"]
[Site "ICC INT"]
[Date "2016.06.05"]
[Round "1.2"]
[White "Dmitry Andreikin"]
[Black "Daniil Dubov"]
[Result "1-0"]
[EventDate "2016.06.05"]
[WhiteElo "2743"]
[BlackElo "2666"]
[PlyCount "133"]

1. d4 e6 2. Nf3 c5 3. e4 cxd4 4. Nxd4 Nc6 5. Nc3 Qc7 6. Be3 a6 7. g3 b5 8. Bg2 Bb7 9. O-O Nf6 10. Re1 Be7 11. a3 O-O 12. f4 d6 13. Nb3 Nd7 14. Kh1 Nb6 15. Nd2 Na5 16. Bd4 Nbc4 17. b3 Nxd2 18. Qxd2 Nc6 19. Be3 Rac8 20. Rac1 Rfd8 21. Qf2 Qb8 22. Bb6 Rd7 23. f5 Bf6 24. Ne2 Ne5 25. fxe6 fxe6 26. Nf4 Re7 27. Rf1 Bc6 28. Ba5 Qb7 29. Qe2 Nd7 30. Bb4 Nc5 31. Rce1 Be5 32. Bxc5 dxc5 33. Qg4 Rce8 34. Nd3 Bc3 35. Re2 c4 36. Nb4 Bxb4 37. axb4 cxb3 38. cxb3 e5 39. Ref2 Bd7 40. Qf3 h6 41. h4 Be6 42. Kh2 Rf7 43. Qe3 Ref8 44. Rxf7 Rxf7 45. Rxf7 Qxf7 46. Qc5 Qf6 47. Qc3 Bf7 48. Qc8+ Kh7 49. Qc3 Qe6 50. Bh3 Qxb3 51. Qxb3 Bxb3 52. Bc8 Bc4 53. Bxa6 Kg6 54. Kg2 Kf6 55. Kf2 g5 56. Bc8 Ke7 57. Kf3 Kf6 58. Bf5 Ke7 59. Bc8 Kf6 60. Bb7 Ke7 61. hxg5 hxg5 62. Kg4 Kf6 63. Kh5 Bf7+ 64. Kh6 Bc4 65. Bc6 Be6 66. Bxb5 Bg4 67. Bc6 1-0

[Event "ICC Open"]
[Site "ICC INT"]
[Date "2016.06.05"]
[Round "1.3"]
[White "Daniil Dubov"]
[Black "Dmitry Andreikin"]
[Result "0-1"]
[EventDate "2016.06.05"]
[WhiteElo "2666"]
[BlackElo "2743"]
[PlyCount "142"]

1. Nf3 g6 2. e4 Bg7 3. d4 d6 4. Bc4 Nf6 5. Nc3 O-O 6. O-O Nxe4 7. Nxe4 d5 8. Bd3 dxe4 9. Bxe4 c6 10. c3 Nd7 11. Bg5 Nf6 12. Bc2 Bg4 13. h3 Bxf3 14. Qxf3 Qd5 15. Qf4 Rfe8 16. Rfe1 Nh5 17. Qg4 e6 18. Qh4 h6 19. Be3 Qd8 20. Qg4 Nf6 21. Qf3 Qd5 22. Qg3 a5 23. a4 Nh5 24. Qh4 Qd8 25. Qg4 Nf6 26. Qg3 Nd5 27. Bd2 h5 28. Rad1 Qc7 29. Qf3 Rf8 30. g3 Qd8 31. Bc1 Rc8 32. Kg2 Rc7 33. g4 Nf6 34. Bb3 Qd7 35. Bg5 Nh7 36. Bf4 hxg4 37. hxg4 Rcc8 38. Qh3 Rfe8 39. Rh1 Nf6 40. Be5 c5 41. Rh2 cxd4 42. cxd4 Qc6+ 43. Qf3 Nxg4 44. d5 Nxe5 45. dxc6 Nxf3 46. cxb7 Nxh2 47. bxc8=Q Rxc8 48. Kxh2 Rb8 49. Rd3 Bxb2 50. Kg2 Kg7 51. Bd1 Rb4 52. Rd7 Kf6 53. Ra7 Bd4 54. Rd7 Bb6 55. Rd3 Rb2 56. Rf3+ Kg7 57. Kf1 f5 58. Be2 Kf6 59. Bb5 g5 60. Be2 g4 61. Rc3 Rb4 62. Rc6 Kg5 63. Rxe6 Rb1+ 64. Kg2 Rb2 65. Kf1 f4 66. Re5+ Kf6 67. Re4 f3 68. Bd3 Rxf2+ 69. Ke1 g3 70. Rf4+ Ke5 71. Re4+ Kd6 0-1

[Event "ICC Open"]
[Site "ICC INT"]
[Date "2016.06.05"]
[Round "1.4"]
[White "Dmitry Andreikin"]
[Black "Daniil Dubov"]
[Result "1-0"]
[EventDate "2016.06.05"]
[WhiteElo "2743"]
[BlackElo "2666"]
[PlyCount "71"]

1. d4 e6 2. Nf3 c5 3. g3 cxd4 4. Nxd4 d5 5. Bg2 Nf6 6. O-O e5 7. Nb3 Nc6 8. Bg5 Be6 9. Nc3 d4 10. Ne4 Be7 11. Bxf6 gxf6 12. c3 Bd5 13. cxd4 exd4 14. e3 f5 15. Ned2 dxe3 16. fxe3 Bg5 17. e4 Bxb3 18. Nxb3 Qb6+ 19. Kh1 O-O 20. Rxf5 Bh6 21. Qg4+ Kh8 22. Rh5 Nb4 23. Rf1 Nd3 24. h3 Rg8 25. Qf3 Rad8 26. e5 Qg6 27. Qf6+ Qxf6 28. Rxf6 Rxg3 29. Rfxh6 Rg7 30. Rf6 Rdg8 31. Be4 Nxb2 32. Rfh6 Rg1+ 33. Kh2 R8g5 34. Rxh7+ Kg8 35. Rh8+ Kg7 36. R5h7# 1-0

[Event "European Championship"]
[Site "Gjakova KOS"]
[Date "2016.05.22"]
[Round "10.3"]
[White "Daniil Dubov"]
[Black "David Navara"]
[Result "1/2-1/2"]
[EventDate "2016.05.12"]
[WhiteElo "2644"]
[BlackElo "2735"]
[PlyCount "61"]

1. c4 g6 2. d4 Nf6 3. Nf3 Bg7 4. g3 c6 5. Bg2 d5 6. cxd5 cxd5 7. O-O O-O 8. Ne5 Ne4 9. Nc3 Nxc3 10. bxc3 Nc6 11. Nxc6 bxc6 12. Qa4 Qb6 13. Ba3 Qa6 14. Qxa6 Bxa6 15. Rfe1 Rfe8 16. Bf1 e6 17. e3 Bxf1 18. Kxf1 Bf8 19. Bxf8 Kxf8 20. Rab1 Reb8 21. Rb3 Rb6 22. Reb1 Rab8 23. Ke2 Ke7 24. Kd3 Kd6 25. c4 c5 26. cxd5 Kxd5 27. dxc5 Rxb3+ 28. axb3 Rb5 29. b4 a5 30. c6 Kxc6 31. Ke4 1/2-1/2

[Event "European Championship"]
[Site "Gjakova KOS"]
[Date "2016.05.21"]
[Round "9.6"]
[White "Liviu Dieter Nisipeanu"]
[Black "Daniil Dubov"]
[Result "1/2-1/2"]
[EventDate "2016.05.12"]
[WhiteElo "2669"]
[BlackElo "2644"]
[PlyCount "42"]

1. e4 e5 2. Nf3 Nc6 3. Nc3 Nf6 4. Be2 d5 5. exd5 Nxd5 6. O-O Nxc3 7. bxc3 e4 8. Ne1 Bd6 9. f3 Bf5 10. fxe4 Bxe4 11. Bf3 Qe7 12. d4 O-O 13. Rb1 b6 14. Nd3 Rae8 15. Bf4 Bxf4 16. Nxf4 Na5 17. Bxe4 Qxe4 18. Qd3 c6 19. a4 Re7 20. h3 Rfe8 21. Kh2 h6 1/2-1/2

[Event "European Individual Championship"]
[Site "Gjakova KOS"]
[Date "2016.05.20"]
[Round "8.12"]
[White "Daniil Dubov"]
[Black "Ante Brkic"]
[Result "1-0"]
[EventDate "2016.05.12"]
[WhiteElo "2644"]
[BlackElo "2584"]
[PlyCount "51"]

1. d4 Nf6 2. c4 e6 3. Nf3 d5 4. Bg5 Bb4+ 5. Nc3 h6 6. Bh4 g5 7. Bg3 Ne4 8. Qc2 h5 9. h3 Bxc3+ 10. bxc3 Nxg3 11. fxg3 Nc6 12. e4 dxe4 13. Qxe4 Qd6 14. Kf2 Bd7 15. c5 Qe7 16. Rb1 O-O-O 17. Ne5 f5 18. Qf3 g4 19. Ba6 gxf3 20. Bxb7+ Kb8 21. Bxc6+ Kc8 22. Bb7+ Kb8 23. Bxf3+ Kc8 24. Bb7+ Kb8 25. Bc6+ Kc8 26. Rb2 1-0

[Event "European Championship"]
[Site "Gjakova KOS"]
[Date "2016.05.19"]
[Round "7.22"]
[White "Merab Gagunashvili"]
[Black "Daniil Dubov"]
[Result "0-1"]
[EventDate "2016.05.12"]
[WhiteElo "2569"]
[BlackElo "2644"]
[PlyCount "66"]

1. d4 e6 2. c4 c5 3. d5 exd5 4. cxd5 d6 5. Nc3 g6 6. Nf3 Bg7 7. Bf4 Nf6 8. h3 O-O 9. e3 Na6 10. Bc4 Nc7 11. a4 a6 12. O-O Rb8 13. a5 b5 14. axb6 Rxb6 15. Ra2 Rb4 16. Nd2 Nb5 17. Qc1 Nh5 18. Bh2 Bxh3 19. gxh3 Bxc3 20. bxc3 Qg5+ 21. Kh1 Rxc4 22. Nxc4 Qxd5+ 23. f3 Qxc4 24. Rxa6 Nd4 25. Qa1 Nc2 26. Ra4 Qb5 27. Ra5 Qc4 28. Ra4 Qe6 29. Qc1 Nxe3 30. Re4 Ng3+ 31. Kg1 Ne2+ 32. Kf2 Nxc1 33. Rxe6 Nxf1 0-1

[Event "European Championship"]
[Site "Gjakova KOS"]
[Date "2016.05.17"]
[Round "6.20"]
[White "Daniil Dubov"]
[Black "Daniele Vocaturo"]
[Result "1/2-1/2"]
[EventDate "2016.05.12"]
[WhiteElo "2644"]
[BlackElo "2574"]
[PlyCount "33"]

1. d4 Nf6 2. c4 e6 3. g3 d5 4. Nf3 dxc4 5. Bg2 Nc6 6. O-O Rb8 7. Bf4 Nd5 8. Bg5 Be7 9. Bxe7 Ndxe7 10. Nc3 O-O 11. Qa4 Nxd4 12. Rfd1 b5 13. Qxa7 Nec6 14. Qc5 Qe7 15. Qxe7 Nxf3+ 16. Bxf3 Nxe7 17. a4 1/2-1/2

[Event "European Championship"]
[Site "Gjakova KOS"]
[Date "2016.05.16"]
[Round "5.6"]
[White "Laurent Fressinet"]
[Black "Daniil Dubov"]
[Result "1-0"]
[EventDate "2016.05.12"]
[WhiteElo "2692"]
[BlackElo "2644"]
[PlyCount "85"]

1. d4 d5 2. c4 c6 3. Nf3 Nf6 4. e3 Bf5 5. Nc3 e6 6. Nh4 Bg6 7. Nxg6 hxg6 8. Bd2 Nbd7 9. Qc2 Rc8 10. c5 Qc7 11. g3 e5 12. f4 e4 13. Be2 g5 14. fxg5 Nh7 15. g6 fxg6 16. Nxe4 dxe4 17. Qxe4+ Kd8 18. Qxg6 Ndf6 19. O-O-O Qe7 20. Ba5+ Rc7 21. Kb1 Kc8 22. Bxc7 Kxc7 23. Bd3 Nd7 24. e4 Ng5 25. e5 Rh6 26. Qd6+ Kd8 27. Qxe7+ Kxe7 28. h4 Ne6 29. Bf5 b6 30. b4 Nc7 31. Rhf1 Nb8 32. Rf3 Kd8 33. Be4 Be7 34. Rf7 Ne6 35. Bf5 Nc7 36. Rxg7 Nd5 37. Rf1 Na6 38. a3 Ne3 39. Rf3 Nxf5 40. Rxf5 Nc7 41. Rff7 Nd5 42. Rh7 Rg6 43. Rfg7 1-0

[Event "European Championship"]
[Site "Gjakova KOS"]
[Date "2016.05.15"]
[Round "4.2"]
[White "Daniil Dubov"]
[Black "Maxim Matlakov"]
[Result "1/2-1/2"]
[EventDate "2016.05.12"]
[WhiteElo "2644"]
[BlackElo "2693"]
[PlyCount "104"]

1. e4 e5 2. Nf3 Nc6 3. Bc4 Bc5 4. O-O Nf6 5. d3 d6 6. a4 a6 7. Bg5 h6 8. Bh4 g5 9. Bg3 Bg4 10. c3 Nh5 11. Kh1 Qf6 12. Nbd2 Ba7 13. h3 Bd7 14. Nh2 Qg6 15. Ng4 f5 16. exf5 Bxf5 17. Bh2 O-O-O 18. Ne3 Bxd3 19. Bxd3 Qxd3 20. Qxh5 Bxe3 21. fxe3 Qxd2 22. b4 Kb8 23. b5 Na5 24. bxa6 b6 25. Rfd1 Qxe3 26. Rd5 Qxc3 27. Qd1 Rhf8 28. Bxe5 Qb3 29. Bg7 Rf1+ 30. Qxf1 Qxd5 31. Bxh6 Rg8 32. Rc1 Nb3 33. Rd1 Qe6 34. Qb5 g4 35. Qc6 Na5 36. a7+ Kxa7 37. Qxc7+ Ka6 38. Qxd6 Qxd6 39. Rxd6 gxh3 40. gxh3 Nb7 41. Rf6 Nc5 42. h4 Nxa4 43. h5 Rh8 44. Kg2 Nc5 45. Kf3 Nd7 46. Re6 Ne5+ 47. Rxe5 Rxh6 48. Kg4 Rh8 49. Kg5 b5 50. Kg6 Ka5 51. Kg7 Rb8 52. h6 Ka4 1/2-1/2

[Event "European Championship"]
[Site "Gjakova KOS"]
[Date "2016.05.14"]
[Round "3.11"]
[White "Daniil Dubov"]
[Black "Kaido Kulaots"]
[Result "1-0"]
[EventDate "2016.05.12"]
[WhiteElo "2644"]
[BlackElo "2566"]
[PlyCount "105"]

1. c4 e5 2. Nc3 Nf6 3. Nf3 Nc6 4. g3 Bb4 5. Bg2 O-O 6. O-O d6 7. d3 h6 8. Na4 a5 9. b3 Re8 10. Bb2 Bf5 11. d4 exd4 12. Nxd4 Nxd4 13. Bxd4 Be4 14. f3 Bc6 15. a3 Bc5 16. Nxc5 dxc5 17. Bxc5 Qxd1 18. Raxd1 Rxe2 19. Rf2 Rae8 20. Rxe2 Rxe2 21. Bf1 Re8 22. Kf2 b6 23. Be3 Nd7 24. Bf4 Ne5 25. Be2 f6 26. Be3 Kf8 27. b4 axb4 28. axb4 Ba4 29. Rd2 Bb3 30. c5 Nc4 31. Bxc4 Bxc4 32. cxb6 cxb6 33. Bxb6 Kf7 34. Bc5 Bb5 35. g4 Ra8 36. h4 Ra3 37. Rd6 Rb3 38. f4 Kg8 39. g5 hxg5 40. fxg5 fxg5 41. hxg5 Rb2+ 42. Kf3 Be2+ 43. Kf4 Kh7 44. Kf5 Rb3 45. Rd7 Bd3+ 46. Kf4 Bc2 47. Rb7 Rd3 48. b5 Rd5 49. Rc7 Kg6 50. b6 Rf5+ 51. Ke3 Re5+ 52. Kd4 Re4+ 53. Kc3 1-0

[Event "European Championship"]
[Site "Gjakova KOS"]
[Date "2016.05.13"]
[Round "2.33"]
[White "Vitaly Sivuk"]
[Black "Daniil Dubov"]
[Result "0-1"]
[EventDate "2016.05.12"]
[WhiteElo "2532"]
[BlackElo "2644"]
[PlyCount "80"]

1. d4 d5 2. Bf4 Nf6 3. e3 Bg4 4. f3 Bd7 5. c3 e6 6. g4 Bd6 7. Nh3 Nc6 8. Bxd6 cxd6 9. Nf2 e5 10. Bg2 Ne7 11. Nd2 Ng6 12. Qb3 h5 13. g5 Ng8 14. O-O-O N8e7 15. dxe5 dxe5 16. f4 exf4 17. Bxd5 O-O 18. Rhe1 Qe8 19. exf4 Ba4 20. Qxb7 Rb8 21. Qxa7 Bxd1 22. Nxd1 Qd8 23. Bc4 Nd5 24. f5 Ngf4 25. f6 Nb6 26. Bf1 g6 27. Qe7 Nd3+ 28. Bxd3 Qxd3 29. Qe4 Qb5 30. Qe5 Qa4 31. a3 Qd7 32. Qd4 Qh3 33. Qf4 Rfd8 34. Ne3 Qe6 35. Ndc4 Na4 36. Nc2 Qd7 37. Nd4 Qd5 38. Nc2 Nxb2 39. Nxb2 Qb3 40. Nb4 Qxc3+ 0-1